000 00776nam a2200265Ia 4500
003 OSt
005 20220928125828.0
006 a|||||r|||| 00| 0
007 ta
008 220927b |||||||| |||| 00| 0 eng d
020 _cIndian Rupees 5196.00
024 _a132797
037 _bGift, 06/04/2017,
_cTextual
040 _aSDCL
_cSDCL
_beng
041 _2eng
_aeng
082 _aT(X:99), Q7
100 _aWarhurst Chris Ed.
_9471649
245 0 _aOxford handbook of skills and training
260 _aOxford
_bO.U.P.
_c2017
300 _axviii,737p.
_ccm.
650 _aGift
_9391569
700 _a Maythew Ken Ed.
_9471650
942 _hT(X:99), Q7
_cTEXL
_2CC
999 _c784199
_d784199